| 000 | 00703nam a2200253Ia 4500 | ||
|---|---|---|---|
| 001 | 18447 | ||
| 003 | GE_BSU | ||
| 008 | 181216s||||||||xx |||||||||||||| ||und|| | ||
| 020 | _a9780273777694 | ||
| 040 | _cGE_BSU | ||
| 080 | _a658 | ||
| 100 | _aPurkiss, John. Royston-Lee, David | ||
| 245 | _aBrand you:Turn your unique talens into a winning formula | ||
| 245 | _bTurn your unique talens into a winning formula | ||
| 250 | _aSecond edition | ||
| 260 | _aHarlow | ||
| 260 | _bPearson | ||
| 260 | _c2009 | ||
| 300 | _a246p. 22cm. | ||
| 653 | _aBrand you | ||
| 653 | _aTurn your unique talens into a winning formula | ||
| 653 | _aწარმოების მართვა | ||
| 942 | _cBK | ||
| 999 |
_c51461 _d51461 |
||